000 00454nam a2200169Ia 4500
005 20250508163406.0
008 008 250505s9999 xx 000 0 hin d
037 _aTextual
040 _aFEDL
_beng
_cFEDL
041 _ahin
_2eng
084 _a371.38, RAJ
_qFEDL
245 0 _aKaryanubhav
260 _aRajasthan, India
_bRajasthan Shiksha Vibhag
_c1967
300 _a54p.
942 _cTEXL
_h371.38, RAJ
999 _c1382790
_d1382790